La acción colectiva sindical y la recomposición de la respuesta política estatal en la Argentina 2003-2007 /

সংরক্ষণ করুন:
গ্রন্থ-পঞ্জীর বিবরন
প্রধান লেখক: Gómez, Marcelo
বিন্যাস: পাঠ‍্য
ট্যাগগুলো: ট্যাগ যুক্ত করুন
কোনো ট্যাগ নেই, প্রথমজন হিসাবে ট্যাগ করুন!

MARC

LEADER 00000 a a2200000 04500
001 43760
003
040
100 |a Gómez, Marcelo  
245 |a La acción colectiva sindical y la recomposición de la respuesta política estatal en la Argentina 2003-2007 /  |c Marcelo Gómez  
773 |g volumen 2, 161-205 : tablas  
999 |c 38283  |d 38283